The Oxford handbook of social justice in Music education

Uloženo v:
Podrobná bibliografie
Médium: Kniha
Jazyk:angličtina
Vydáno: Oxford University Press 2018
Tagy: Přidat tag
Žádné tagy, Buďte první, kdo vytvoří štítek k tomuto záznamu!

MARC

LEADER 00000nam a22000007a 4500
008 210621b ||||| |||| 00| 0 eng d
020 |a 9780190886639 
245 |a The Oxford handbook of social justice in Music education  |c edited by Cathy Benedict... [et al.]  |g xxix, 703p.;ill. 
260 |b Oxford University Press  |c 2018  |h USA  |i 696212  |i 696213  |i 696214  |l MT1.Ox1  |m Music- Instruction and study--Social aspect  |m Social justice 
500 |a It includes index and references 
942 |a lcc  |c BK  |e Kuteyi, M. A.  |f 21/06/2021 
952 |0 0  |1 0  |2 lcc  |4 0  |6 MT0001 O X1  |7 0  |9 2683  |a HOL  |b RF  |c LP  |d 2021-06-21  |l 0  |o MT1.Ox1  |p 2021-6528  |r 2021-06-21 00:00:00  |w 2021-06-21  |y BK 
952 |0 0  |1 0  |2 lcc  |4 0  |6 MT0001 O X1  |7 0  |9 2684  |a HOL  |b ED  |c LP  |d 2021-06-21  |l 0  |o MT1.Ox1  |p 2021-6529  |r 2021-06-21 00:00:00  |w 2021-06-21  |y BK 
952 |0 0  |1 0  |2 lcc  |4 0  |6 MT0001 O X1  |7 0  |9 2685  |a HOL  |b HOL  |c LP  |d 2021-06-21  |l 0  |o MT1.Ox1  |p 2021-6530  |r 2021-06-21 00:00:00  |w 2021-06-21  |y BK 
999 |c 1399  |d 1399